[Event "SVK-chT3A2 1718"]
[Site "Slovakia"]
[Date "2017.11.05"]
[Round "3.2"]
[White "Podjavorinsky, Michal"]
[Black "Rachela, Jozef"]
[Result "1-0"]
[WhiteElo "1868"]
[BlackElo "2034"]
[PlyCount "97"]
[EventDate "2017.10.08"]
[EventType "team-tourn"]
[EventRounds "11"]
[EventCountry "SVK"]
[SourceTitle "EXT 2020"]
[Source "ChessBase"]
[SourceDate "2019.10.17"]
[SourceVersion "1"]
[SourceVersionDate "2019.10.17"]
[SourceQuality "1"]
[WhiteTeam "Vrbove"]
[BlackTeam "Dunajska Streda II"]
[WhiteTeamCountry "SVK"]
[BlackTeamCountry "SVK"]

1. e4 e5 2. Nc3 Nf6 3. g3 Nc6 4. Bg2 Bc5 5. Nf3 a6 6. 0-0 d6 7. d3 Be6 8. h3 h6 9. Kh2 0-0 10. Qe2 Re8 11. Nh4 Nd4 12. Qd1 d5 13. exd5 Nxd5 14. Ne4 Be7 15. Nf3 Nxf3+ 16. Qxf3 Rb8 17. Nc3 Nb4 18. Qe2 Bf6 19. Ne4 Be7 20. Nc3 Bg5 21. Bxg5 Qxg5 22. a3 Nc6 23. Ne4 Qe7 24. b4 Nd4 25. Qd1 b6 26. c3 Nb3 27. Rb1 f5 28. Nd2 Nxd2 29. Qxd2 Qd6 30. Qe2 c5 31. Rfe1 Bd5 32. bxc5 Qxc5 33. d4 Qc6 34. Bxd5+ Qxd5 35. dxe5 Qc5 36. Rbd1 Qxc3 37. Rd3 Qc4 38. e6 b5 39. Qe3 Rbc8 40. Rd7 Qc5 41. Qf3 g6 42. Re2 Re7 43. Qd3 Rce8 44. Qd2 Kg7 45. Qb2+ Kg8 46. Qf6 Kh7 47. Red2 a5 48. Rxe7+ Rxe7 49. Qxe7+ 1-0

[Event "SVK-chT3A2 1415"]
[Site "Slovakia"]
[Date "2015.03.08"]
[Round "10.1"]
[White "Sefcik, Marek"]
[Black "Rachela, Jozef"]
[Result "1-0"]
[WhiteElo "2043"]
[BlackElo "2048"]
[PlyCount "61"]
[EventDate "2014.10.19"]
[EventType "team-tourn"]
[EventRounds "11"]
[EventCountry "SVK"]
[SourceTitle "EXT 2019"]
[Source "ChessBase"]
[SourceDate "2018.10.10"]
[SourceVersion "1"]
[SourceVersionDate "2018.10.10"]
[SourceQuality "1"]

1. d4 Nf6 2. e3 d5 3. Bd3 Bg4 4. f3 Bh5 5. c4 e6 6. Qb3 Qc8 7. cxd5 exd5 8. Nc3 c6 9. Nge2 Bg6 10. Nf4 Bxd3 11. Nxd3 Be7 12. e4 dxe4 13. fxe4 0-0 14. e5 Ne8 15. 0-0 Nc7 16. Be3 Nba6 17. d5 cxd5 18. Nxd5 Nxd5 19. Qxd5 Qd8 20. Qb3 Qd7 21. Rxf7 Rxf7 22. e6 Qd6 23. exf7+ Kf8 24. Rc1 g5 25. Qxb7 Rd8 26. Nf2 Rb8 27. Qe4 Qg6 28. Qxg6 hxg6 29. Nd3 Nb4 30. Ne5 Nxa2 31. Nd7+ 1-0

[Event "SVK-chT3A2 1415"]
[Site "Slovakia"]
[Date "2015.01.25"]
[Round "7.5"]
[White "Rachela, Jozef"]
[Black "Bango, Lukas"]
[Result "1/2-1/2"]
[WhiteElo "2048"]
[BlackElo "1917"]
[PlyCount "99"]
[EventDate "2014.10.19"]
[EventType "team-tourn"]
[EventRounds "11"]
[EventCountry "SVK"]
[SourceTitle "EXT 2019"]
[Source "ChessBase"]
[SourceDate "2018.10.10"]
[SourceVersion "1"]
[SourceVersionDate "2018.10.10"]
[SourceQuality "1"]

1. Nf3 c5 2. c4 Nf6 3. g3 g6 4. Bg2 Bg7 5. 0-0 0-0 6. d4 cxd4 7. Nxd4 Nc6 8. Nc3 Nxd4 9. Qxd4 d6 10. Rd1 Qa5 11. a3 Ng4 12. Qe4 Qc5 13. e3 Bxc3 14. bxc3 Ne5 15. Rd4 Rb8 16. Qd5 Be6 17. Qe4 Rfc8 18. Qh4 Nxc4 19. Qxe7 Rc7 20. Qf6 Qe5 21. Qh4 Qa5 22. Bd2 Rbc8 23. Be1 Qc5 24. a4 Na3 25. Rc1 b5 26. Bf1 d5 27. axb5 Nxb5 28. Rb4 Nd6 29. Ra1 Ne4 30. Rb5 Qc6 31. Rba5 Nxc3 32. Rxa7 Rxa7 33. Rxa7 Qb6 34. Qd4 Qxd4 35. exd4 Ne4 36. Ra1 Nd6 37. Bb4 Ne4 38. Bd3 Rb8 39. Be7 Re8 40. Bb4 Ng5 41. Bc5 Bg4 42. Bb5 Rb8 43. Ra5 Bf3 44. h4 Ne4 45. Bd3 Kg7 46. Ra1 Rb2 47. Bxe4 Bxe4 48. Bd6 f5 49. Bf4 Rb1+ 50. Rxb1 1/2-1/2

[Event "SVK-chT3A2 1415"]
[Site "Slovakia"]
[Date "2014.10.19"]
[Round "1.2"]
[White "Rachela, Jozef"]
[Black "Nemeckay, Rastislav"]
[Result "1/2-1/2"]
[WhiteElo "2048"]
[BlackElo "1985"]
[PlyCount "94"]
[EventDate "2014.10.19"]
[EventType "team-tourn"]
[EventRounds "11"]
[EventCountry "SVK"]
[SourceTitle "EXT 2019"]
[Source "ChessBase"]
[SourceDate "2018.10.10"]
[SourceVersion "1"]
[SourceVersionDate "2018.10.10"]
[SourceQuality "1"]

1. d4 d5 2. Nf3 Nf6 3. c4 c6 4. Nc3 e6 5. cxd5 exd5 6. Qc2 Bg4 7. Ne5 Bh5 8. Bf4 Nbd7 9. e3 Nxe5 10. Bxe5 Bg6 11. Bd3 Bxd3 12. Qxd3 Bd6 13. Bxf6 Qxf6 14. 0-0 0-0 15. a3 a5 16. Rac1 Rfe8 17. Ne2 Re6 18. Ng3 Qh4 19. f4 Rae8 20. Nf5 Qd8 21. Rf3 g6 22. Nh6+ Kg7 23. Ng4 f6 24. f5 Re4 25. Nf2 R4e7 26. fxg6 hxg6 27. Rf1 Re6 28. Qd2 Rh8 29. h3 Qe7 30. Nd3 Re8 31. Qf2 Rf8 32. Re1 Re4 33. Qd2 Qc7 34. Nf2 Re6 35. Ng4 f5 36. Nf2 Bh2+ 37. Kh1 Bg3 38. Rf1 Ref6 39. Nd3 Bd6 40. Qc3 f4 41. Ne5 fxe3 42. Rxf6 Rxf6 43. Rxf6 Kxf6 44. Ng4+ Kg7 45. Qxe3 Qf7 46. g3 Qf5 47. Kg2 Qc2+ 1/2-1/2

[Event "SVK-chT2A 1213"]
[Site "Slovakia"]
[Date "2013.02.16"]
[Round "8.6"]
[White "Rachela, Jozef"]
[Black "Puchart, Vladimir"]
[Result "1/2-1/2"]
[WhiteElo "2093"]
[BlackElo "2051"]
[PlyCount "38"]
[EventDate "2012.10.13"]
[EventType "team-tourn"]
[EventRounds "11"]
[EventCountry "SVK"]
[SourceTitle "EXT 2015"]
[Source "ChessBase"]
[SourceDate "2014.11.20"]
[SourceVersion "1"]
[SourceVersionDate "2014.11.20"]
[SourceQuality "1"]
[WhiteTeam "Dunajska Streda II"]
[BlackTeam "Trnava Lokomotiva II"]
[WhiteTeamCountry "SVK"]
[BlackTeamCountry "SVK"]

1. e4 c5 2. Nf3 d6 3. d4 cxd4 4. Nxd4 Nf6 5. Nc3 a6 6. Be2 e5 7. Nb3 Be7 8. Be3 0-0 9. a4 Be6 10. 0-0 d5 11. exd5 Nxd5 12. Nxd5 Qxd5 13. Qxd5 Bxd5 14. Rfd1 Be4 15. Rd2 Nc6 16. f3 Bf5 17. c3 Rad8 18. Rad1 Rxd2 19. Rxd2 Rd8 1/2-1/2

[Event "SVK-chT2A 10/11"]
[Site "Slovakia"]
[Date "2011.03.26"]
[Round "10.4"]
[White "Rachela, Jozef"]
[Black "Orosi, Peter"]
[Result "1-0"]
[WhiteElo "2072"]
[BlackElo "2004"]
[PlyCount "59"]
[EventDate "2010.10.23"]
[EventType "team-tourn"]
[EventRounds "11"]
[EventCountry "SVK"]
[SourceTitle "EXT 2019"]
[Source "ChessBase"]
[SourceDate "2018.10.10"]
[SourceVersion "1"]
[SourceVersionDate "2018.10.10"]
[SourceQuality "1"]
[WhiteTeam "Dunajska Streda SK II"]
[BlackTeam "Bratislava Doprastav II"]
[WhiteTeamCountry "SVK"]
[BlackTeamCountry "SVK"]

1. e4 d5 2. Nc3 dxe4 3. Nxe4 Bf5 4. Ng3 Bg6 5. d4 e6 6. Nf3 Nf6 7. Ne5 Nbd7 8. Nxg6 hxg6 9. Bb5 a6 10. Bd3 c5 11. Qf3 Qb6 12. dxc5 Bxc5 13. 0-0 Ne5 14. Qe2 Neg4 15. h3 Qd6 16. Qf3 Ne5 17. Qxb7 Rb8 18. Qxa6 Qd5 19. Qa4+ Ke7 20. Be4 Qd6 21. Bg5 Rxb2 22. Rad1 Qc7 23. Rd2 Rb4 24. Qa6 Nf3+ 25. Bxf3 Qxg3 26. Be3 Bxe3 27. fxe3 Rxh3 28. Qa7+ Ke8 29. Bc6+ Kf8 30. Rd8+ 1-0

[Event "SVK-chT2A 10/11"]
[Site "Slovakia"]
[Date "2011.03.05"]
[Round "8.4"]
[White "Mikulas, Dusan"]
[Black "Rachela, Jozef"]
[Result "1-0"]
[WhiteElo "2122"]
[BlackElo "2072"]
[PlyCount "89"]
[EventDate "2010.10.23"]
[EventType "team-tourn"]
[EventRounds "11"]
[EventCountry "SVK"]
[SourceTitle "EXT 2019"]
[Source "ChessBase"]
[SourceDate "2018.10.10"]
[SourceVersion "1"]
[SourceVersionDate "2018.10.10"]
[SourceQuality "1"]
[WhiteTeam "Bratislava Doprastav"]
[BlackTeam "Dunajska Streda SK II"]
[WhiteTeamCountry "SVK"]
[BlackTeamCountry "SVK"]

1. e4 e5 2. Nf3 d6 3. d4 Nd7 4. Bc4 c6 5. 0-0 Be7 6. c3 Ngf6 7. Re1 0-0 8. Bb3 Qc7 9. Nbd2 c5 10. Nf1 b5 11. Ng3 Nb6 12. h3 a5 13. d5 Bd7 14. Nh2 b4 15. f4 a4 16. Bc2 Nc4 17. Bd3 Na5 18. fxe5 dxe5 19. c4 Ne8 20. Ng4 f6 21. Rf1 Nd6 22. Ne3 Nab7 23. Bd2 Be8 24. h4 Kh8 25. h5 Bd7 26. Qe2 Nd8 27. Rf2 N8f7 28. Raf1 Nh6 29. Nef5 Nhxf5 30. exf5 h6 31. Ne4 Nxe4 32. Qxe4 Bd6 33. g4 Qd8 34. g5 Rg8 35. Kh1 Qf8 36. Rg2 Be8 37. Rfg1 hxg5 38. Bxg5 Ra7 39. Be3 Kh7 40. h6 Bh5 41. Qh4 Qe8 42. hxg7 Rgxg7 43. Be2 Rxg2 44. Rxg2 Kh8 45. Qxf6+ 1-0

[Event "SVK-chT 0910"]
[Site "Slovakia"]
[Date "2010.01.24"]
[Round "6"]
[White "Mrvova, Alena"]
[Black "Rachela, Jozef"]
[Result "1/2-1/2"]
[WhiteElo "2201"]
[BlackElo "2072"]
[PlyCount "186"]
[EventDate "2009.10.24"]
[EventType "team-tourn"]
[EventRounds "11"]
[EventCountry "SVK"]
[SourceTitle "EXT 2019"]
[Source "ChessBase"]
[SourceDate "2018.10.10"]
[SourceVersion "1"]
[SourceVersionDate "2018.10.10"]
[SourceQuality "1"]
[WhiteTeam "Dunajov"]
[BlackTeam "Dunajska Streda"]
[WhiteTeamCountry "SVK"]
[BlackTeamCountry "SVK"]

1. e4 e5 2. Nf3 Nc6 3. Bb5 a6 4. Ba4 Nf6 5. 0-0 Be7 6. Re1 b5 7. Bb3 d6 8. c3 0-0 9. h3 Na5 10. Bc2 c5 11. d4 Nd7 12. Nbd2 cxd4 13. cxd4 Nc6 14. Nf1 Nb6 15. Bb3 Bf6 16. dxe5 dxe5 17. Be3 Nc4 18. Bxc4 bxc4 19. Qa4 Nd4 20. Bxd4 Bd7 21. Qxc4 Bb5 22. Qb3 exd4 23. e5 Be7 24. e6 Bf6 25. Rad1 fxe6 26. a4 Be8 27. Ne5 Qd6 28. Ng4 Rb8 29. Qxe6+ Qxe6 30. Rxe6 Bxa4 31. Nxf6+ Kf7 32. Rde1 gxf6 33. Rxa6 Bc2 34. Nd2 Rxb2 35. Nf3 Rd8 36. Ra7+ Kg8 37. Nxd4 Bg6 38. Nc6 Rdd2 39. Ree7 Ra2 40. Rxa2 Rxa2 41. Nd4 Rd2 42. Nf3 Rd1+ 43. Kh2 Rd5 44. Nh4 Bc2 45. Rc7 Bb1 46. Kg3 Rb5 47. Nf3 Rd5 48. h4 Bg6 49. Ng1 Re5 50. Nh3 Bf7 51. Nf4 Be8 52. Kg4 Bf7 53. h5 Rg5+ 54. Kh4 Rf5 55. g3 Ra5 56. h6 Bg6 57. Rg7+ Kh8 58. Nxg6+ hxg6 59. Rxg6 Rf5 60. f4 Kh7 61. Rg7+ Kxh6 62. Ra7 Rb5 63. Ra3 Rh5+ 64. Kg4 Rb5 65. Re3 Kg6 66. Kf3 Ra5 67. Rc3 Rb5 68. g4 Ra5 69. Kg3 Ra8 70. Rc7 Ra6 71. Kh4 Rb6 72. f5+ Kh6 73. Re7 Rb1 74. Rf7 Rb6 75. Rf8 Kg7 76. Re8 Kf7 77. Ra8 Rb7 78. Kh5 Kg7 79. Re8 Ra7 80. Re6 Rb7 81. g5 fxg5 82. Kxg5 Ra7 83. Rh6 Rb7 84. f6+ Kg8 85. Rg6+ Kf8 86. Rh6 Rb1 87. Rh8+ Kf7 88. Rh7+ Kf8 89. Rh4 Rg1+ 90. Kf5 Rf1+ 91. Rf4 Rxf4+ 92. Kxf4 Kf7 93. Ke5 Kf8 1/2-1/2

[Event "SVK-chT 0607"]
[Site "Slovakia"]
[Date "2006.11.11"]
[Round "3"]
[White "Rachela, Jozef"]
[Black "Jurcik, Marian"]
[Result "0-1"]
[WhiteElo "2083"]
[BlackElo "2422"]
[PlyCount "76"]
[EventDate "2006.10.21"]
[EventType "team-tourn"]
[EventRounds "11"]
[EventCountry "SVK"]
[SourceTitle "EXT 2019"]
[Source "ChessBase"]
[SourceDate "2018.10.10"]
[SourceVersion "1"]
[SourceVersionDate "2018.10.10"]
[SourceQuality "1"]
[WhiteTeam "Dunajska Streda"]
[BlackTeam "Cadca"]
[WhiteTeamCountry "SVK"]
[BlackTeamCountry "SVK"]

1. d4 Nf6 2. Nf3 e6 3. c4 Bb4+ 4. Bd2 Qe7 5. a3 Bxd2+ 6. Nbxd2 d6 7. e3 e5 8. d5 0-0 9. Be2 c6 10. e4 Nh5 11. 0-0 Nf4 12. Re1 f5 13. dxc6 Nxc6 14. Bf1 fxe4 15. Nxe4 Bg4 16. Qb3 Nh3+ 17. Kh1 Bxf3 18. gxf3 Nd4 19. Qc3 Rxf3 20. Re3 Qh4 21. Bxh3 Qxh3 22. Ng5 Rxe3 23. fxe3 Qf5 24. exd4 Qxg5 25. dxe5 dxe5 26. Qf3 Qe7 27. Qd5+ Qf7 28. Rd1 Re8 29. Kg2 h6 30. b4 Re6 31. Rd3 Rg6+ 32. Rg3 Qxd5+ 33. cxd5 Rxg3+ 34. hxg3 Kf7 35. Kf3 Ke7 36. a4 Kd6 37. Ke4 g6 38. a5 a6 0-1

[Event "SVK-chT1W 0304"]
[Site "Slovakia"]
[Date "2004.??.??"]
[Round "7"]
[White "Rachela, Jozef"]
[Black "Kleman, Miroslav"]
[Result "1-0"]
[WhiteElo "2100"]
[BlackElo "2155"]
[PlyCount "63"]
[EventDate "2003.10.??"]
[EventType "team"]
[EventRounds "9"]
[EventCountry "SVK"]
[SourceTitle "EXT 2005"]
[Source "ChessBase"]
[SourceDate "2004.11.15"]
[SourceVersion "1"]
[SourceVersionDate "2004.11.15"]
[SourceQuality "1"]

1. e4 d5 2. e5 c5 3. Nf3 Bg4 4. Bb5+ Nd7 5. h3 Bxf3 6. Qxf3 a6 7. Bxd7+ Qxd7 8. 0-0 e6 9. c3 Ne7 10. d4 cxd4 11. cxd4 Nf5 12. Be3 h5 13. Nc3 Bb4 14. Rac1 g6 15. Rfd1 Rc8 16. Bg5 0-0 17. Rd3 Rc4 18. Qf4 Rfc8 19. g4 hxg4 20. hxg4 Nxd4 21. Rxd4 Rxd4 22. Qxd4 Rc4 23. Qd1 Qc7 24. Bf6 d4 25. Ne2 d3 26. Nc3 Qd7 27. a3 d2 28. Rc2 Bxc3 29. Rxc3 Rxg4+ 30. Rg3 Re4 31. Rh3 Re1+ 32. Kh2 1-0

[Event "SVK-chT1W 0102"]
[Site "Slovakia"]
[Date "2002.??.??"]
[Round "9"]
[White "Hanko, Pavol"]
[Black "Rachela, Jozef"]
[Result "1-0"]
[WhiteElo "2150"]
[BlackElo "2095"]
[PlyCount "115"]
[EventDate "2001.10.??"]
[EventType "team"]
[EventRounds "11"]
[EventCountry "SVK"]
[SourceTitle "EXT 2009"]
[Source "ChessBase"]
[SourceDate "2008.11.26"]
[SourceVersion "1"]
[SourceVersionDate "2008.11.26"]
[SourceQuality "1"]

1. d4 d5 2. Nf3 Nf6 3. c4 c6 4. Nc3 e6 5. Bg5 Be7 6. e3 0-0 7. Rc1 Nbd7 8. Bd3 a6 9. a3 dxc4 10. Bxc4 c5 11. 0-0 cxd4 12. exd4 b5 13. Ba2 Bb7 14. Bb1 Re8 15. Qd3 Nf8 16. Rfd1 Nd5 17. Ne4 Bxg5 18. Nexg5 Nf4 19. Qe3 Nd5 20. Qd2 Re7 21. Ne4 Rc8 22. Nc5 Rec7 23. Nxb7 Rxb7 24. Rc5 Rbc7 25. Qa5 Rxc5 26. Qxd8 Rc1 27. Bxh7+ Kxh7 28. Qh4+ Kg8 29. Rf1 Ng6 30. Qe4 Nf6 31. Qe3 R1c2 32. g3 Ne7 33. Ng5 R8c4 34. Qe5 Ned5 35. Qb8+ Rc8 36. Qb7 R2c7 37. Qxa6 b4 38. Qa4 bxa3 39. Qxa3 Rb8 40. Rb1 Nc3 41. Re1 Ncd5 42. Ne4 Ng4 43. h3 Ngf6 44. Nc5 Rb4 45. Na6 Ra7 46. Nxb4 Rxa3 47. bxa3 Nc3 48. Kf1 Nb5 49. a4 Nxd4 50. a5 Nb5 51. a6 Nd7 52. Nc6 Nc7 53. a7 Nb6 54. Rb1 Nca8 55. Ne7+ Kf8 56. Nc8 Nd5 57. Rb8 Ndc7 58. Nb6+ 1-0

[Event "SVK-chT1W 0001"]
[Site "Slovakia"]
[Date "2001.??.??"]
[Round "7"]
[White "Berza, Stefan"]
[Black "Rachela, Jozef"]
[Result "1/2-1/2"]
[WhiteElo "2150"]
[BlackElo "2130"]
[PlyCount "48"]
[EventDate "2000.??.??"]
[EventType "team"]
[EventRounds "11"]
[EventCountry "SVK"]
[SourceTitle "EXT 2002"]
[Source "ChessBase"]
[SourceDate "2001.11.25"]
[SourceVersion "1"]
[SourceVersionDate "2001.11.25"]
[SourceQuality "1"]

1. e4 g6 2. d4 Bg7 3. Nc3 d6 4. Be2 Nd7 5. Be3 b6 6. Qd2 Bb7 7. 0-0-0 Ngf6 8. f3 c5 9. g4 h6 10. Nh3 a6 11. g5 hxg5 12. Nxg5 Qc7 13. Bc4 Rf8 14. Qe2 cxd4 15. Bxd4 Bh6 16. h4 b5 17. Bb3 0-0-0 18. Kb1 Bxg5 19. hxg5 Nh5 20. a4 Nf4 21. Qf1 b4 22. Nd5 Nxd5 23. Bxd5 Nc5 24. b3 Kb8 1/2-1/2